Legacy. 1, Důvod věřit /
Romantický příběh o druhých šancích a životním štěstí, které někdy čeká doslova za rohem. Jen ho najít a tuhle šanci nepromarnit.
Uloženo v:
| Série: | Legacy,
část 1 |
|---|---|
| Hlavní autor: | |
| Další autoři: | |
| Médium: | E-audiokniha |
| Jazyk: | Czech |
| Vydáno: |
V Praze :
Baronet,
2025
|
| Vydání: | 1. vydání |
| Témata: | |
| Příbuzné jednotky: | Z cyklu::
Legacy |
| Tagy: |
Žádné tagy |
| LEADER | 04440nam a2200925 i 4500 | ||
|---|---|---|---|
| 001 | 313485 | ||
| 003 | CZ PrSKC | ||
| 005 | 20260601215743.0 | ||
| 007 | ta | ||
| 008 | 250515s2025 xr g 000 f cze | ||
| 015 | |a cnb003685467 | ||
| 020 | |a 9788026925897 |q (brožováno) : |c Kč 349,00 | ||
| 035 | |a (OCoLC)1527578220 | ||
| 040 | |a ABG001 |b cze |e rda | ||
| 041 | 1 | |a cze |h eng | |
| 072 | 7 | |a 821.111(73)-3 |x Americká próza |2 Konspekt | |
| 080 | |a 821.111(73)-31 |2 MRF | ||
| 080 | |a (0:82-312.5) |2 MRF | ||
| 100 | 1 | |a Yarros, Rebecca, |d 1981- |7 xx0306981 |4 aut | |
| 240 | 1 | 0 | |a Reason to believe. |l Anglicky |
| 245 | 1 | 0 | |a Legacy. |n 1, |p Důvod věřit / |c Rebecca Yarros ; z anglického originálu Reason to believe ... přeložila Jana Divišová |
| 246 | 3 | 0 | |a Důvod věřit |
| 250 | |a 1. vydání | ||
| 264 | 1 | |a V Praze : |b Baronet, |c 2025 | |
| 300 | |a 421 stran ; |c 20 cm | ||
| 336 | |a text |b txt |2 rdacontent | ||
| 337 | |a bez média |b n |2 rdamedia | ||
| 338 | |a svazek |b nc |2 rdacarrier | ||
| 520 | 2 | |a Romantický příběh o druhých šancích a životním štěstí, které někdy čeká doslova za rohem. Jen ho najít a tuhle šanci nepromarnit. |b Harper Andersová miluje děti - jinak by neučila ve školce. Když je potřeba najít nouzovou pěstounskou péči pro jednoho předškoláka a jeho bratříčka, rozhodne se je vzít k sobě. Její byt je ale vytopený a tak skončí ve volném domě její dávné lásky Knoxe Danielse. Ten se měl do města vrátit až za měsíc, ale najednou stojí ve dveřích a před sebou má Harper celou od dětských zvratků. Pak ale prohlásí, že to zvládnou společně. Dokážou Harper a Knox dočasně předstírat vztah, aby systém malé bratry nerozdělil? Nakladatelská anotace. | |
| 546 | |a Český text | ||
| 655 | 7 | |a americké romány |7 fd131796 |2 czenas | |
| 655 | 7 | |a milostné romány |7 fd132840 |2 czenas | |
| 655 | 9 | |a American fiction |2 eczenas | |
| 655 | 9 | |a love novels |2 eczenas | |
| 700 | 1 | |a Divišová, Jana, |d 1974- |7 xx0071729 |4 trl | |
| 787 | 0 | 8 | |i Z cyklu: |t Legacy |g 1 |
| 900 | |a ABA001 |b 21 | ||
| 928 | 9 | |a Albatros Media - Baronet | |
| 044 | |a xr | ||
| 505 | 0 | 0 | |t 01_Kapitola 1 (34 min., 6 sek.) |
| 505 | 0 | 0 | |t 02_Kapitola 2 (27 min., 59 sek.) |
| 505 | 0 | 0 | |t 03_Kapitola 3 (33 min., 4 sek.) |
| 505 | 0 | 0 | |t 04_Kapitola 4 (27 min., 57 sek.) |
| 505 | 0 | 0 | |t 05_Kapitola 5 (31 min., 59 sek.) |
| 505 | 0 | 0 | |t 06_Kapitola 6_cast 1 (13 min., 24 sek.) |
| 505 | 0 | 0 | |t 07_Kapitola 6_cast 2 (22 min., 18 sek.) |
| 505 | 0 | 0 | |t 08_Kapitola 7 (33 min., 13 sek.) |
| 505 | 0 | 0 | |t 09_Kapitola 8 (31 min., 16 sek.) |
| 505 | 0 | 0 | |t 10_Kapitola 9_cast 1 (27 min., 31 sek.) |
| 505 | 0 | 0 | |t 11_Kapitola 9_cast 2 (16 min., 41 sek.) |
| 505 | 0 | 0 | |t 12_Kapitola 10 (29 min., 23 sek.) |
| 505 | 0 | 0 | |t 13_Kapitola 11_cast 1 (14 min., 23 sek.) |
| 505 | 0 | 0 | |t 14_Kapitola 11_cast 2 (33 min., 40 sek.) |
| 505 | 0 | 0 | |t 15_Kapitola 12_cast 1 (16 min., 31 sek.) |
| 505 | 0 | 0 | |t 16_Kapitola 12_cast 2 (25 min., 3 sek.) |
| 505 | 0 | 0 | |t 17_Kapitola 13 (16 min., 59 sek.) |
| 505 | 0 | 0 | |t 18_Kapitola 14_cast 1 (23 min., 42 sek.) |
| 505 | 0 | 0 | |t 19_Kapitola 14_cast 2 (15 min., 39 sek.) |
| 505 | 0 | 0 | |t 20_Kapitola 15_cast 1 (19 min., 1 sek.) |
| 505 | 0 | 0 | |t 21_Kapitola 15_cast 2 (16 min., 51 sek.) |
| 505 | 0 | 0 | |t 22_Kapitola 16 (31 min., 28 sek.) |
| 505 | 0 | 0 | |t 23_Kapitola 17 (34 min., 28 sek.) |
| 505 | 0 | 0 | |t 24_Kapitola 18 (20 min., 31 sek.) |
| 505 | 0 | 0 | |t 25_Kapitola 19 (18 min., 56 sek.) |
| 505 | 0 | 0 | |t 26_Kapitola 20 (14 min., 41 sek.) |
| 505 | 0 | 0 | |t 27_Kapitola 21 (20 min., 20 sek.) |
| 505 | 0 | 0 | |t 28_Kapitola 22 (1 min., 40 sek.) |
| 505 | 0 | 0 | |t 29_Kapitola 23 (1 min., 13 sek.) |
| 505 | 0 | 0 | |t 30_Kapitola 24 (33 min., 0 sek.) |
| 505 | 0 | 0 | |t 31_Kapitola 25 (19 min., 41 sek.) |
| 505 | 0 | 0 | |t 32_Kapitola 26 (19 min., 40 sek.) |
| 505 | 0 | 0 | |t 33_Kapitola 27_cast 1 (13 min., 32 sek.) |
| 505 | 0 | 0 | |t 34_Kapitola 27_cast 2 (26 min., 34 sek.) |
| 505 | 0 | 0 | |t 35_Kapitola 28 (6 min., 55 sek.) |
| 505 | 0 | 0 | |t 36_Kapitola 29 (28 min., 45 sek.) |
| 505 | 0 | 0 | |t 37_Kapitola 30 (15 min., 7 sek.) |
| 505 | 0 | 0 | |t 38_Epilog (9 min., 22 sek.) |
| 910 | |a RBIT002 | ||
| 998 | |d 422856 |a https://core.palmknihy.cz/api/books/422856/cover?t3pscm |b https://core.palmknihy.cz/api/books/422856/cover/400?t3pscm |c https://core.palmknihy.cz/api/books/422856/cover/50?t3pscm |e 2030-04-30 |i 9788026925897 |l 826 |q 49 |r 1 |s https://www.palmknihy.cz/kniha/422856 |t audiobook |y 2025 |z 0 |v Legacy |w 1 | ||
| 999 | |d 313483 | ||